विष्णुस्मृति : (Record no. 53194)

MARC details
000 -LEADER
fixed length control field 00607nam a2200181Ia 4500
005 - DATE AND TIME OF LATEST TRANSACTION
control field 20260429112249.0
008 - FIXED-LENGTH DATA ELEMENTS--GENERAL INFORMATION
fixed length control field 260429s9999||||xx |||||||||||||| ||und||
020 ## - INTERNATIONAL STANDARD BOOK NUMBER
International Standard Book Number 9788183902663
041 ## - LANGUAGE CODE
Language Hindi
082 ## - DEWEY DECIMAL CLASSIFICATION NUMBER
Classification number 294.592
Item number SHA
100 ## - MAIN ENTRY--PERSONAL NAME
Personal name शर्मा, जगदीश चंद्र
245 #0 - TITLE STATEMENT
Title विष्णुस्मृति :
Remainder of title एक अध्ययन /
Statement of responsibility, etc जगदीश चंद्र शर्मा
250 ## - EDITION STATEMENT
Edition statement 1st ed.
260 ## - PUBLICATION, DISTRIBUTION, ETC. (IMPRINT)
Place of publication, distribution, etc दिल्ली :
Name of publisher, distributor, etc अभिषेक प्रकाशन,
Date of publication, distribution, etc 2018.
300 ## - PHYSICAL DESCRIPTION
Extent x, 296 p.; Hb
650 ## - SUBJECT ADDED ENTRY--TOPICAL TERM
Topical term or geographic name as entry element Hindunism
942 ## - ADDED ENTRY ELEMENTS (KOHA)
Koha item type Text Books
Holdings
Withdrawn status Lost status Damaged status Not for loan Collection code Home library Location Shelving location Date of Cataloging Source of acquisition Total Checkouts Full call number Barcode Date last seen Price effective from Koha item type
        Non-fiction CUTN Central Library CUTN Central Library Religion 29/04/2026 Segment Book Distributors, New Delhi - Invoice No. 71458 on 09-02-2026   294.592 SHA 58522 29/04/2026 29/04/2026 Text Books